The Air That I Breathe - The Hollies [lyrics] - Statistics

General Stats
  • This quiz has been taken 15 times
  • The average score is 184 of 219
Answer Stats
Answer % Correct
a
100%
air
100%
breathe
100%
I
100%
love
100%
that
100%
the
100%
you
100%
and
91%
And
91%
is
91%
me
91%
No
91%
no
91%
So
91%
All
82%
anything
82%
go
82%
it
82%
need
82%
of
82%
sleep
82%
Sometimes
82%
think
82%
to
82%
angel
73%
be
73%
came
73%
Can't
73%
could
73%
If
73%
left
73%
sound
73%
cigarettes
64%
I'd
64%
light
64%
make
64%
more
64%
Nothing
64%
nothing
64%
What
64%
wish
64%
with
64%
ask
55%
Has
55%
Peace
55%
silent
55%
There's
55%
upon
55%
eat
45%
Making
45%
pass
45%
desired
36%
warm
36%
Yes
36%
books
27%
leaves
27%
peaceful
27%
read
27%
weak
27%
week
27%
tired
18%
No matching quizzes found
Score Distribution
Percent of People with Each Score
Percentile by Number Answered
Your Score History
You have not taken this quiz